| Tag |
First Indicator |
Second Indicator |
Subfields |
| LEADER |
00000cam a2200000 4500 |
| 001 |
in00000045777 |
| 005 |
20151007075251.0 |
| 008 |
781012s1899 nyuabc 00010 eng d |
| 010 |
|
|
|a 99005246
|
| 035 |
|
|
|a (OCoLC)04289510
|
| 035 |
|
|
|9 AAF2922AM
|
| 040 |
|
|
|a UUM
|c UUM
|d TXA
|d UtOrBLW
|
| 049 |
|
|
|a TXAM
|c [27546]
|
| 050 |
|
0 |
|a QC863
|b .H31
|
| 092 |
|
|
|a 551.5
|b H31a
|
| 100 |
1 |
|
|a Harrington, Mark W.
|q (Mark Walrod),
|d 1848-1926.
|
| 245 |
1 |
0 |
|a About the weather /
|c by Mark W. Harrington.
|
| 264 |
|
1 |
|a New York :
|b D. Appleton and company,
|c 1899.
|
| 300 |
|
|
|a xx, 246 pages :
|b frontispiece (portrait) illustrations (including maps) diagrams ;
|c 19 cm.
|
| 336 |
|
|
|a text
|b txt
|2 rdacontent
|
| 337 |
|
|
|a unmediated
|b n
|2 rdamedia
|
| 338 |
|
|
|a volume
|b nc
|2 rdacarrier
|
| 490 |
0 |
|
|a Appleton's home reading books; Division I. Natural history
|
| 500 |
|
|
|a Series title also at head of title page.
|
| 650 |
|
0 |
|a Meteorology.
|
| 999 |
|
|
|a MARS
|
| 999 |
f |
f |
|s 0b5050b2-9847-3b58-92fc-5bc5421af52d
|i 31e1633d-5c2e-31f4-a4e7-fe567467bd26
|t 0
|
| 952 |
f |
f |
|p ric
|a Texas A&M University
|b Rellis Campus
|c Joint Library Facility
|d Remote Storage
|t 0
|e QC863 .H31
|h Library of Congress classification
|i unmediated -- volume
|m A14800953527
|
| 998 |
f |
f |
|a QC863 .H31
|t 0
|l Remote Storage
|